000 02526nam a22003617a 4500
005 20091214094728.0
008 091214t xxu||||| |||| 00| 0 eng d
010 _aB-380129-139
020 _a9788184510263
_c200.00
035 _aB-380129-139
037 _bUBH
040 _adpl
_bEnglish
082 _a503
245 _aLife in the water /
_ccompiled by Ruchi Batra
260 _aNew Delhi
_bDreamland Publications
_c2008
270 _aJ-128, Kirti Nagar,
_bNew Delhi
_e110015
300 _a80p.:
_bcol. ill.
_c28cm(Hb)
490 _aKid's first library of knowledge ; book-4
700 _aBatra, Ruchi
942 _2ddc
_cCH
_mLIF
_h503
999 _c32697
_d32697